000 00816nam a2200241 a 4500
001 44737
003 BD-RjUL
005 20211209053916.0
008 160720s1973 xxu||||| |||| 00| 0 ben d
020 _c: Tk.1.12
035 _a(BD-RjUL)44855
040 _aBD-RjUL
_bben
_cBD-RjUL
_dBD-RjUL
041 _aben
082 _223
_a891.442
_bALA 1973
100 _aআলাউদ্দিন, মোঃ
_9137164
245 1 0 _aআপ ট্রেন (নারী বর্জিত) /
_cমোঃ আলাউদ্দিন
250 _a২য় সং.
260 _aবগুড়া :
_bসাহিত্য কুটির,
_c১৯৭৩
300 _a[৪], ৭১ পৃ. ;
_c১৮ সেমি.
650 _aবাংলা নাটক
_9137165
650 _aBengali Drama
_9137166
942 _2ddc
_cBK
999 _c44737
_d44737